000 00498nam a2200181Ia 4500
005 20250326143623.0
008 250326s9999 xx 000 0 und d
037 _aTextbook
040 _aFMSL
_beng
_cFMSL
041 _aeng
_2eng
084 _aX:8 P5
_qFMSL
100 _aConrad C A
_9748290
245 0 _aImproving international competiton order
_cConrad C A
260 _aNew York
_bNew York, Palgrave
_c2005
300 _a151p
942 _cTB
_hX:8 P5
999 _c1300310
_d1300310